Statistics for NHL - Calgary Flames' 50 goals club

Click here to take the quiz!

General Stats

  • This quiz has been taken 430 times
  • The average score is 6 of 10

Answer Stats

Answer% Correct
2007-0850Jarome Iginla
98%
2001-0252Jarome Iginla
98%
1982-8366Lanny McDonald
86%
1990-9151Theoren Fleury
75%
1987-8851Joe Nieuwendyk
67%
1988-8951Joe Nieuwendyk
67%
1988-8951Joe Mullen
42%
1987-8850Hakan Loob
41%
1991-9253Gary Roberts
40%
1978-79*50Guy Chouinard
19%

Score Distribution

Percentile by Number Answered

Percent of People with Each Score

Your Score History

You have not taken this quiz